000 02874nam0a2200445 4500
001 RU\NLR\BIBL_A\016262338
005 20230309092205.0
010 _a978-5-7307-1964-4
_9160
021 _aRU
_bКН-П-22-087894
_9КН-П-22-7802
035 _a(NLR Aleph) 016262338
035 _a(RuMoRGB)011459050
090 _a12860120
_c12860120
100 _a20230119d2022 k y0rusy50 ca
101 0 _arus
_aeng
102 _aRU
105 _aac z 100zy
181 0 _ai3
_baxxe
182 0 _an
200 1 _aОбщество. Доверие. Риски
_dSociety. Trust. Risks
_eматериалы 4-го ежегодного международного научного форума
_fМинистерство науки и высшего образования Российской Федерации, Федеральное государственное бюджетное образовательное учреждение высшего образования "Российский экономический университет имени Г. В. Плеханова" (ФГБОУ ВО "РЭУ им. Г. В. Плеханова")
_gредакционная коллегия: С. В. Володина, канл. юрид. наук, доц. [и др.]
_zeng
203 _aТекст
_bвизуальный
_cнепосредственный
210 _aМосква
_cФГБОУ ВО "РЭУ им. Г. В. Плеханова"
_d2022
215 _a443 с.
_cил., цв. ил., портр., табл.
_d21
300 _aТекст: рус., англ.
320 _aБиблиогр. в конце ст. и в подстроч. примеч.
510 1 _aSociety. Trust. Risks
_zeng
606 1 _aПродовольственная безопасность
_jСъезды, совещания и т.п
_92358700
_3RU\NLR\AUTH\661408675
606 1 _aНациональная безопасность
_jСъезды, совещания и т.п
_yРоссийская Федерация
_91815933
_3RU\NLR\AUTH\66819711
606 1 _aМеждународная безопасность
_jСъезды, совещания и т.п
_91356066
_3RU\NLR\AUTH\66566872
686 1 _aУ5-982я431
686 1 _aУ9(2)-982(2Р)я431
686 1 _aХ621.162я431
686 1 _aФ5(0)1я431
702 1 _aВолодина
_bС. В.
_gСветлана Вячеславовна
_4340
711 1 2 _a"Общество. Доверие. Риски", международный научный форум
_d4
_eМосква
_f2022
_9831172
_3RU\NLR\AUTH\880582650
712 0 2 _4557
_aРоссийский экономический университет им. Г. В. Плеханова
_9864792
_3RU\NLR\AUTH\8810184025
942 _cBOOK
980 _aNB